000 00469nam a2200157 i 4500
001 41364
003 ES-MaACL
005 20230906160422.0
007 t|
008 030310s1911 sp ||||1| spa d
100 1 _aCasadesús Vila, José.
_936001
245 1 0 _aEstudio del idioma inglés
_b: gramática, ejercicios, cartas... /
_cpor José Casadesús.
260 _aBarcelona :
_bViuda de J. Cunill,
_c1911.
300 _a379 p. ;
_c19 cm.
852 _aES-MaACL
_jB-4270
999 _c41364
_d41364